Formule 1 : Devine les vainqueurs des GP - Statistiques

Statistiques générales
  • Ce quiz a été pris 248 fois
  • Le résultat moyen est 20 sur 25
Statistiques - réponses
Grand Prix Nationalité du vainqueur Vainqueur % Correct
Barcelone 2016 P-B Max VERSTAPPEN
94%
Yas Marina 2023 NED Max VERSTAPPEN
94%
Miami 2024 G-B Lando NORRIS
93%
Turquie 2010 G-B Lewis HAMILTON
93%
Bahrein 2015 G-B Lewis HAMILTON
93%
Monza 2020 FRA Pierre GASLY
93%
Monza 2019 MON Charles LECLERC
92%
Silverstone 2022 ESP Carlos SAINZ
91%
Bakou 2021 MEX Sergio PEREZ
91%
Suzuka 2013 ALL Sebastian VETTEL
90%
Australie 2018 ALL Sebastian VETTEL
90%
Spa 2014 AUS Daniel RICCIARDO
87%
Hongrie 2003 ESP Fernando ALONSO
86%
Australie 2007 FIN Kimi RAIKKONEN
84%
Interlagos 2002 ALL Michael SCHUMACHER
83%
Spielberg 2017 FIN Valteri BOTTAS
78%
Sao Paulo 2011 AUS Mark WEBBER
71%
Malaisie 2009 G-B Jenson BUTTON
70%
Chine 2012 ALL Nico ROSBERG
70%
Canada 2008 POL Robert KUBICA
67%
Istanbul 2006 BRE Felipe MASSA
66%
Monza 2005 COL Juan Pablo MONTOYA
52%
Silverstone 2000 G-B David COULTHARD
48%
Monaco 2004 ITA Jarno TRULLI
45%
Hockenheim 2001 ALL Ralf SCHUMACHER
43%
Aucun quiz correspondant
Distribution des résultats
% des personnes avec chaque résultat
Percentile par nombre de réponses
Votre historique - résultats
Vous n’avez pas pris ce quiz